00471nam a2200133Ia 4500001000400000008004100004082002400045100010000069245009300169260002400262590000700286901002900293999001500322177241024s9999 xx 000 0 und d aRD/352/R426o/3-2004 aRepública Dominicana.Instituto Nacional de Formación y Capacitación Magisterial -INAFOCAM 0aOrdenanza que establece el currículo de la Licenciatura en Educaciín Física 3'2004 bSanto Domingoc2004 asi a20/10/2010 11:53:10 a.m. c9432d9432